书目信息 |
| 题名: |
中国档案研究
|
|
| 作者: | 赵彦昌 , 胡莹 主编 | |
| 分册: | 第九辑 | |
| 出版信息: | 沈阳 辽宁大学出版社有限责任公司 2021.06 |
|
| 页数: | 303页 | |
| 开本: | 24cm | |
| 丛书名: | ||
| 单 册: | ||
| 中图分类: | G279.2 | |
| 科图分类: | ||
| 主题词: | 档案学--研究--中国 | |
| 电子资源: | ||
| ISBN: | 978-7-5698-0270-2 | |
| 000 | 01044nam0 2200253 450 | |
| 001 | 012001001809 | |
| 005 | 20221207165322.46 | |
| 010 | @a978-7-5698-0270-2@dCNY45.00 | |
| 100 | @a20220905d2021 em y0chiy50 ea | |
| 101 | 0 | @achi |
| 102 | @aCN@b210000 | |
| 105 | @ay z 000yy | |
| 106 | @ar | |
| 200 | 1 | @a中国档案研究@Azhong guo dang an yan jiu@h第九辑@f赵彦昌,胡莹主编 |
| 210 | @a沈阳@c辽宁大学出版社有限责任公司@d2021.06 | |
| 215 | @a303页@d24cm | |
| 300 | @a辽宁大学中国档案文化研究中心主办 云南大学图书情报与档案管理一级学科资助出版 | |
| 330 | @a本书分档案学术研究前沿、中国档案史、档案管理与利用、档案信息化、档案学术史、少数民族档案学、档案学教学改革、云端档案学术论坛综述八个栏目,收录了《档案服务业企业知识产权现状分析及对策建议》《清代至民国盐业档案整理与研究述评》《婺州鱼鳞图册视野下古村落的保护与开发》等文章。 | |
| 606 | 0 | @a档案学@x研究@y中国 |
| 690 | @aG279.2@v5 | |
| 701 | 0 | @a赵彦昌@Azhao yan chang@4主编 |
| 701 | 0 | @a胡莹@Ahu ying@4主编 |
| 801 | 0 | @aCN@bAHXH@c20221111 |
| 905 | @b1371716-8@dG279.2@e264:9@f3 | |
| 中国档案研究.第九辑/赵彦昌,胡莹主编.-沈阳:辽宁大学出版社有限责任公司,2021.06 |
| 303页;24cm |
| 辽宁大学中国档案文化研究中心主办 云南大学图书情报与档案管理一级学科资助出版 |
| ISBN 978-7-5698-0270-2:CNY45.00 |
| 本书分档案学术研究前沿、中国档案史、档案管理与利用、档案信息化、档案学术史、少数民族档案学、档案学教学改革、云端档案学术论坛综述八个栏目,收录了《档案服务业企业知识产权现状分析及对策建议》《清代至民国盐业档案整理与研究述评》《婺州鱼鳞图册视野下古村落的保护与开发》等文章。 |
| ● |
| 相关链接 |
|
|
|
|
正题名:中国档案研究
索取号:G279.2/264:9
 
预约/预借
| 序号 | 登录号 | 条形码 | 馆藏地/架位号 | 状态 | 备注 |
| 1 | 1371716 | 213717165 | 第一样本阅览室/ [索取号:G279.2/264:9] | 在馆 | |
| 2 | 1371717 | 213717174 | 第四借阅区/ [索取号:G279.2/264:9] | 在馆 | |
| 3 | 1371718 | 213717183 | 第四借阅区/ [索取号:G279.2/264:9] | 在馆 |